00344nam a2200109Ia 4500008004100000020001800041040002900059050002700088100005900115245003400174260002600208230104s9999||||xx |||||||||||||| ||und|| a0-324-18320-8 cChuka University Library aBSL HG 8051 bT73 2005 aTrieschmann, James S., Robert E. Hoyt, David W. Sommer 0aRisk management and insurance aThomsonbSydneyc2005